1699 1877 1673 1845 1706 1368 1519 1289 1687 1599 1750 1439 1967 1840 1070 1310 1426 1615 1563 1961 1496 1574 1005 1451 1515 1632 1532 1474 1764 1392 1689 1605 1891 1214 1679 1722 1504 1189 1158 1202 1690 1939 1906 1720 1726 1504 1816 1530 1328 1158 1920 1181 1176 1934 1010 1008 1970 1922 1359 1544 1754 1500 1155 1274 1775 1490 1314 1117 1042 1826 1186 1753 1782 1030 1315 1226 1622 1638 1757 1261 1345 1224 1423 1149 1392 1519 1810 1734 1946 1733 1339 1330 1685 1739 1881 1973 1751 1885 1539 BCNSPRNW ULIB Ver.6.0+V

เปลี่ยนเป็นภาษาไทย

Change to English
 แสดงรายละเอียดบรรณานุกรม
  กลับหน้าหลัก

Brief Record : Get Marc (ISO 2709) : E-mail record : QR code < ปิดหน้าต่าง
LEADER : 00000nam 2200000uu 4500
001    13399128168
003     ULIB
008    220802s2564||||th 000 0 tha d
020    ^a9786160042715
050    ^aนว.^bห513ด
100  0 ^aหัสวีร์
245  1 ^aดุจเล่ห์ดาวลวง /^cหัสวีร์
250    ^aพิมพ์ครั้งที่ 1
260    ^aกรุงเทพฯ :^bพิมพ์คำ,^c2564
300    ^a404 หน้า
650    ^aนวนิยายไทย
945    ^p280^l0^i009257
999    ^aประนอม เกษจรัล
รายการนี้ยังไม่มีแท็ก
คุณยังไม่ได้ล็อกอิน คุณสามารถมีกิจกรรมร่วมกับเว็บไซต์ได้ แต่ต้องล็อกอินก่อน ::
  ล็อกอิน

รายการสื่อสารสนเทศ

ลำดับที่ ประเภท เลขเรียก/บาร์โค้ด สถานที่ สถานะ
1. นวนิยาย
นวนิยาย
นว. ห513ด ฉ.1 
  Barcode: 009257
ห้องสมุดวิทยาเขตนครสวรรค์
►นวนิยาย:l:Fiction
บนชั้น

รายการใกล้เคียง
    ผู้แต่ง [หัสวีร์]

    หัวเรื่อง [นวนิยายไทย]

BibComment


ยังไม่เคยถูกคอมเมนท์

คอมเมนท์ทรัพยากรรายการนี้
  คอมเมนท์: ดุจเล่ห์ดาวลวง ..


 Copyright 2026. Bcnsprnw @Library